[Event "Najdorf Memorial B"]
[Site "Warsaw POL"]
[Date "2021.07.14"]
[Round "5.2"]
[White "Grunas, Jakub"]
[Black "Malowidzki, Maciej"]
[Result "0-1"]
[WhiteElo "1301"]
[BlackElo "1415"]
[EventDate "2021.07.10"]
[PlyCount "66"]
[LiveChessVersion "1.4.8"]

1.e4 {[%clk 1:30:58]} 1...c5 {[%clk 1:30:59]} 2.Nc3 {[%clk 1:31:23]} 2...a6 
{[%clk 1:31:25]} 3.Be2 {[%clk 1:31:34]} 3...b5 {[%clk 1:31:40]} 4.d3 {[%clk
1:30:05]} 4...e6 {[%clk 1:31:37]} 5.f4 {[%clk 1:28:20]} 5...Bb7 {[%clk 1:29:33]} 
6.Nf3 {[%clk 1:26:26]} 6...d5 {[%clk 1:29:25]} 7.f5 {[%clk 1:22:57]} 7...exf5 
{[%clk 1:23:50]} 8.exd5 {[%clk 1:21:05]} 8...Nf6 {[%clk 1:21:23]} 9.O-O {[%clk
1:17:58]} 9...Bd6 {[%clk 1:20:30]} 10.Qe1 {[%clk 1:09:39]} 10...O-O {[%clk
1:15:42]} 11.Qh4 {[%clk 1:05:34]} 11...b4 {[%clk 1:10:32]} 12.Nd1 {[%clk
1:04:45]} 12...Nxd5 {[%clk 1:06:19]} 13.Ng5 {[%clk 0:57:15]} 13...h6 {[%clk
1:05:30]} 14.Rxf5 {[%clk 0:56:19]} 14...Ne7 {[%clk 0:56:42]} 15.Rf1 {[%clk
0:44:28]} 15...Ng6 {[%clk 0:51:31]} 16.Qh5 {[%clk 0:41:37]} 16...hxg5 {[%clk
0:51:02]} 17.Bxg5 {[%clk 0:41:59]} 17...Be7 {[%clk 0:49:11]} 18.Bd2 {[%clk
0:41:54]} 18...Nd7 {[%clk 0:42:46]} 19.d4 {[%clk 0:40:01]} 19...Nf6 {[%clk
0:42:15]} 20.Qh3 {[%clk 0:39:15]} 20...Qxd4+ {[%clk 0:41:36]} 21.Be3 {[%clk
0:38:32]} 21...Qh4 {[%clk 0:37:57]} 22.Qf5 {[%clk 0:38:05]} 22...Be4 {[%clk
0:36:55]} 23.Qf2 {[%clk 0:35:50]} 23...Qxf2+ {[%clk 0:35:48]} 24.Nxf2 {[%clk
0:36:12]} 24...Bb7 {[%clk 0:34:57]} 25.Bc4 {[%clk 0:35:00]} 25...Nd5 {[%clk
0:35:07]} 26.Bd2 {[%clk 0:34:44]} 26...Rad8 {[%clk 0:33:31]} 27.Rae1 {[%clk
0:34:05]} 27...Bf6 {[%clk 0:33:26]} 28.Ne4 {[%clk 0:33:47]} 28...Bxb2 {[%clk
0:33:27]} 29.Bg5 {[%clk 0:33:19]} 29...Rd7 {[%clk 0:30:42]} 30.Rd1 {[%clk
0:32:19]} 30...Bd4+ {[%clk 0:30:14]} 31.Kh1 {[%clk 0:32:39]} 31...Nb6 {[%clk
0:30:31]} 32.Bd3 {[%clk 0:32:07]} 32...c4 {[%clk 0:30:24]} 33.Bxc4 {[%clk
0:31:10]} 33...Bxe4 {[%clk 0:30:27]} 0-1

[Event "Najdorf Memorial B"]
[Site "Warsaw POL"]
[Date "2021.07.14"]
[Round "5.3"]
[White "Panczuk, Grzegorz"]
[Black "Rzenca, Jerzy"]
[Result "1-0"]
[WhiteElo "1721"]
[BlackElo "1569"]
[EventDate "2021.07.10"]
[PlyCount "143"]
[LiveChessVersion "1.4.8"]

1.d4 {[%clk 1:30:55]} 1...d5 {[%clk 1:30:54]} 2.Bf4 {[%clk 1:30:54]} 2...Nf6 
{[%clk 1:31:15]} 3.e3 {[%clk 1:31:19]} 3...c5 {[%clk 1:31:42]} 4.c3 {[%clk
1:30:33]} 4...Nc6 {[%clk 1:32:07]} 5.Nd2 {[%clk 1:30:12]} 5...cxd4 {[%clk
1:32:32]} 6.exd4 {[%clk 1:30:36]} 6...Bf5 {[%clk 1:32:55]} 7.Ngf3 {[%clk
1:21:51]} 7...e6 {[%clk 1:33:08]} 8.Qb3 {[%clk 1:05:28]} 8...Qc8 {[%clk
1:33:31]} 9.h3 {[%clk 1:04:45]} 9...Be7 {[%clk 1:32:56]} 10.Nh4 {[%clk 1:03:15]} 
10...Be4 {[%clk 1:32:19]} 11.Nxe4 {[%clk 0:54:20]} 11...dxe4 {[%clk 1:32:43]} 
12.g3 {[%clk 0:50:03]} 12...Nd5 {[%clk 1:31:06]} 13.Ng2 O-O {[%clk 1:31:07]} 
14.Bd2 {[%clk 0:44:43]} 14...Bd6 {[%clk 1:22:24]} 15.Ne3 {[%clk 0:39:53]} 
15...Nce7 {[%clk 1:04:01]} 16.Bg2 {[%clk 0:31:46]} 16...Nxe3 {[%clk 0:56:01]} 
17.Bxe3 {[%clk 0:32:12]} 17...f5 {[%clk 0:55:23]} 18.O-O-O {[%clk 0:27:05]} 
18...Nd5 {[%clk 0:52:34]} 19.g4 {[%clk 0:22:54]} 19...Qc6 {[%clk 0:41:03]} 
20.gxf5 {[%clk 0:19:50]} 20...exf5 {[%clk 0:41:06]} 21.Kb1 {[%clk 0:19:25]} 
21...Rac8 {[%clk 0:37:06]} 22.Rhg1 {[%clk 0:16:38]} 22...Kh8 {[%clk 0:36:43]} 
23.Bh1 {[%clk 0:14:25]} 23...f4 {[%clk 0:32:36]} 24.Bd2 {[%clk 0:11:51]} 
24...f3 {[%clk 0:32:26]} 25.Rde1 {[%clk 0:10:09]} 25...Bf4 {[%clk 0:30:01]} 
26.Qc2 {[%clk 0:08:39]} 26...Bxd2 {[%clk 0:20:17]} 27.Qxd2 {[%clk 0:08:55]} 
27...Nf4 {[%clk 0:17:39]} 28.Rg4 {[%clk 0:08:38]} 28...Ne2 {[%clk 0:15:23]} 
29.Rxe2 {[%clk 0:07:29]} 29...fxe2 {[%clk 0:15:47]} 30.Qxe2 {[%clk 0:07:52]} 
30...Qh6 {[%clk 0:13:18]} 31.Bxe4 {[%clk 0:04:31]} 31...Qxh3 {[%clk 0:13:01]} 
32.f3 {[%clk 0:04:17]} 32...Rce8 {[%clk 0:10:25]} 33.Qg2 {[%clk 0:03:43]} 
33...Qxg2 {[%clk 0:09:35]} 34.Rxg2 {[%clk 0:04:08]} 34...b6 {[%clk 0:09:25]} 
35.d5 {[%clk 0:03:17]} 35...Rd8 {[%clk 0:08:28]} 36.Kc2 {[%clk 0:03:24]} 
36...g6 {[%clk 0:08:19]} 37.c4 {[%clk 0:03:00]} 37...a5 {[%clk 0:07:51]} 38.Kc3 
{[%clk 0:02:44]} 38...Rf6 {[%clk 0:06:48]} 39.a3 {[%clk 0:02:32]} 39...h5 
{[%clk 0:04:11]} 40.b4 {[%clk 0:01:37]} 40...axb4+ {[%clk 0:02:54]} 41.axb4 
{[%clk 0:01:59]} 41...h4 {[%clk 0:03:13]} 42.Rg4 {[%clk 0:02:10]} 42...g5 
{[%clk 0:02:59]} 43.Rxg5 {[%clk 0:02:13]} 43...Rh6 {[%clk 0:03:26]} 44.Rg2 
{[%clk 0:02:16]} 44...h3 {[%clk 0:02:48]} 45.Rh2 {[%clk 0:02:37]} 45...Rh5 
{[%clk 0:03:11]} 46.Bg6 {[%clk 0:02:07]} 46...Rh4 {[%clk 0:02:51]} 47.Bf5 
{[%clk 0:02:15]} 47...Rf8 {[%clk 0:01:06]} 48.Bg4 {[%clk 0:02:37]} 48...b5 
{[%clk 0:01:07]} 49.c5 {[%clk 0:02:13]} 49...Rf4 {[%clk 0:01:22]} 50.d6 {[%clk
0:02:02]} 50...Kg7 {[%clk 0:01:21]} 51.d7 {[%clk 0:01:56]} 51...Rh8 {[%clk
0:01:18]} 52.Rxh3 {[%clk 0:01:55]} 52...Rd8 {[%clk 0:00:33]} 53.Rh5 {[%clk
0:01:04]} 53...Rc4+ {[%clk 0:00:39]} 54.Kb3 {[%clk 0:01:27]} 54...Kf6 {[%clk
0:00:59]} 55.Rh6+ {[%clk 0:01:25]} 55...Ke7 {[%clk 0:01:08]} 56.Rb6 {[%clk
0:00:59]} 56...Rxd7 {[%clk 0:00:45]} 57.Bxd7 {[%clk 0:01:18]} 57...Kxd7 {[%clk
0:01:14]} 58.Rxb5 {[%clk 0:01:39]} 58...Rf4 {[%clk 0:01:43]} 59.Rb6 {[%clk
0:00:42]} 59...Rxf3+ {[%clk 0:02:02]} 60.Kc4 {[%clk 0:01:05]} 60...Rf4+ {[%clk
0:02:16]} 61.Kb5 {[%clk 0:01:20]} 61...Kc7 {[%clk 0:02:36]} 62.Rh6 {[%clk
0:01:33]} 62...Rf7 {[%clk 0:02:49]} 63.Rh5 {[%clk 0:01:07]} 63...Kb7 {[%clk
0:03:03]} 64.c6+ {[%clk 0:00:54]} 64...Kc7 {[%clk 0:03:11]} 65.Rd5 {[%clk
0:01:13]} 65...Kc8 {[%clk 0:03:07]} 66.Kb6 {[%clk 0:01:26]} 66...Rf4 {[%clk
0:02:54]} 67.b5 {[%clk 0:01:50]} 67...Rf6 {[%clk 0:03:19]} 68.Rh5 {[%clk
0:01:59]} 68...Rf8 {[%clk 0:03:34]} 69.Rh6 {[%clk 0:01:45]} 69...Kb8 {[%clk
0:03:16]} 70.c7+ {[%clk 0:01:34]} 70...Ka8 {[%clk 0:03:30]} 71.Rd6 {[%clk
0:01:49]} 71...Rf6 {[%clk 0:03:32]} 72.c8=Q# {[%clk 0:02:11]} 1-0

[Event "Najdorf Memorial B"]
[Site "Warsaw POL"]
[Date "2021.07.14"]
[Round "5.4"]
[White "Goral, Jan"]
[Black "Kaluza, Maksymilian"]
[Result "1/2-1/2"]
[WhiteElo "1707"]
[BlackElo "1446"]
[EventDate "2021.07.10"]
[PlyCount "74"]
[LiveChessVersion "1.4.8"]

1.Nf3 {[%clk 1:30:55]} 1...Nf6 {[%clk 1:25:25]} 2.c4 {[%clk 1:30:36]} 2...g6 
{[%clk 1:24:43]} 3.g3 {[%clk 1:30:35]} 3...Bg7 {[%clk 1:24:43]} 4.Bg2 {[%clk
1:30:58]} 4...O-O {[%clk 1:24:57]} 5.O-O {[%clk 1:31:22]} 5...d6 {[%clk
1:24:35]} 6.d4 {[%clk 1:31:10]} 6...Nc6 {[%clk 1:23:59]} 7.Nc3 {[%clk 1:30:58]} 
7...e5 {[%clk 1:24:01]} 8.h3 {[%clk 1:29:24]} 8...exd4 {[%clk 1:21:21]} 9.Nxd4 
{[%clk 1:27:29]} 9...Nxd4 {[%clk 1:21:30]} 10.Qxd4 {[%clk 1:27:30]} 10...Be6 
{[%clk 1:21:02]} 11.Qd3 {[%clk 1:18:54]} 11...Nd7 {[%clk 1:20:28]} 12.b3 {[%clk
1:18:39]} 12...Nc5 {[%clk 1:20:04]} 13.Qc2 {[%clk 1:18:22]} 13...Bf5 {[%clk
1:19:37]} 14.Qd2 {[%clk 1:14:32]} 14...Re8 {[%clk 1:18:49]} 15.Bb2 {[%clk
1:12:07]} 15...Ne4 {[%clk 1:15:03]} 16.Nxe4 {[%clk 1:08:39]} 16...Bxe4 {[%clk
1:15:19]} 17.Bxg7 {[%clk 1:08:07]} 17...Bxg2 {[%clk 1:15:35]} 18.Kxg2 {[%clk
1:07:56]} 18...Kxg7 {[%clk 1:15:58]} 19.Qd4+ {[%clk 1:03:57]} 19...Kg8 {[%clk
1:15:18]} 20.Rfe1 {[%clk 1:01:03]} 20...Qd7 {[%clk 1:13:26]} 21.e4 {[%clk
0:53:30]} 21...a5 {[%clk 1:08:43]} 22.a3 {[%clk 0:50:56]} 22...Qc6 {[%clk
0:50:56]} 23.Kh2 {[%clk 0:48:36]} 23...Re5 {[%clk 0:48:03]} 24.f4 {[%clk
0:47:34]} 24...Rc5 {[%clk 0:43:06]} 25.a4 {[%clk 0:42:46]} 25...Qb6 {[%clk
0:38:21]} 26.Qc3 {[%clk 0:37:48]} 26...Qb4 {[%clk 0:34:22]} 27.Qxb4 {[%clk
0:37:05]} 27...axb4 {[%clk 0:34:47]} 28.Rad1 {[%clk 0:36:59]} 28...f6 {[%clk
0:33:23]} 29.Rd5 {[%clk 0:33:35]} 29...Raa5 {[%clk 0:33:17]} 30.Kg2 {[%clk
0:28:56]} 30...Rxd5 {[%clk 0:30:21]} 31.exd5 {[%clk 0:28:38]} 31...Kf7 {[%clk
0:30:33]} 32.Re6 {[%clk 0:28:13]} 32...b6 {[%clk 0:30:20]} 33.Kf3 {[%clk
0:26:19]} 33...h6 {[%clk 0:29:35]} 34.g4 {[%clk 0:18:27]} 34...Ra8 {[%clk
0:28:56]} 35.h4 {[%clk 0:15:48]} 35...Rh8 {[%clk 0:28:44]} 36.Ke4 {[%clk
0:11:06]} 36...h5 {[%clk 0:27:35]} 37.g5 {[%clk 0:11:23]} 37...f5+ {[%clk
0:27:33]} 1/2-1/2

[Event "Najdorf Memorial B"]
[Site "Warsaw POL"]
[Date "2021.07.14"]
[Round "5.5"]
[White "Janik, Marcin"]
[Black "Szymkiewicz, Witold"]
[Result "1/2-1/2"]
[WhiteElo "1705"]
[BlackElo "1413"]
[EventDate "2021.07.10"]
[PlyCount "144"]
[LiveChessVersion "1.4.8"]

1.d4 {[%clk 1:28:36]} 1...d5 {[%clk 1:30:54]} 2.c4 {[%clk 1:28:41]} 2...e6 
{[%clk 1:31:17]} 3.g3 {[%clk 1:28:56]} 3...Nf6 {[%clk 1:30:26]} 4.Bg2 {[%clk
1:29:19]} 4...c6 {[%clk 1:30:24]} 5.Nf3 {[%clk 1:28:54]} 5...Nbd7 {[%clk
1:30:31]} 6.Nbd2 {[%clk 1:24:35]} 6...Be7 {[%clk 1:23:36]} 7.O-O {[%clk
1:24:50]} 7...O-O {[%clk 1:22:23]} 8.Qc2 {[%clk 1:25:06]} 8...Nb6 {[%clk
1:21:54]} 9.Rd1 {[%clk 1:13:34]} 9...Re8 {[%clk 1:20:25]} 10.b3 {[%clk 1:11:32]} 
10...Qc7 {[%clk 1:17:18]} 11.e4 {[%clk 1:05:54]} 11...dxe4 {[%clk 1:15:36]} 
12.Nxe4 {[%clk 1:06:19]} 12...Nbd7 {[%clk 1:15:00]} 13.Bf4 {[%clk 1:05:09]} 
13...Qa5 {[%clk 1:13:29]} 14.Ne5 {[%clk 0:50:11]} 14...Nh5 {[%clk 0:59:12]} 
15.Bd2 {[%clk 0:44:07]} 15...Qc7 {[%clk 0:59:13]} 16.Bc3 {[%clk 0:44:11]} 
16...Nhf6 {[%clk 0:54:20]} 17.Ng5 {[%clk 0:42:21]} 17...Rf8 {[%clk 0:53:43]} 
18.h4 {[%clk 0:34:52]} 18...g6 {[%clk 0:50:28]} 19.Qe2 {[%clk 0:33:04]} 19...h6 
{[%clk 0:41:53]} 20.Nxg6 {[%clk 0:18:34]} 20...fxg6 {[%clk 0:41:51]} 21.Nxe6 
{[%clk 0:16:22]} 21...Qd6 {[%clk 0:41:39]} 22.Nxf8 {[%clk 0:16:44]} 22...Kxf8 
{[%clk 0:41:52]} 23.Re1 {[%clk 0:16:10]} 23...Bd8 {[%clk 0:37:25]} 24.Rad1 
{[%clk 0:15:54]} 24...a5 {[%clk 0:36:37]} 25.d5 {[%clk 0:12:44]} 25...c5 {[%clk
0:36:42]} 26.Bd2 {[%clk 0:11:07]} 26...h5 {[%clk 0:36:12]} 27.Bf4 {[%clk
0:10:50]} 27...Qe7 {[%clk 0:34:15]} 28.Qc2 {[%clk 0:10:35]} 28...Qf7 {[%clk
0:33:48]} 29.Bd6+ {[%clk 0:04:50]} 29...Kg7 {[%clk 0:33:09]} 30.Qe2 {[%clk
0:04:39]} 30...Ra6 {[%clk 0:31:49]} 31.Bf4 {[%clk 0:04:49]} 31...Nf8 {[%clk
0:30:30]} 32.Be5 {[%clk 0:04:50]} 32...Bf5 {[%clk 0:28:45]} 33.Bc3 {[%clk
0:03:54]} 33...Nd7 {[%clk 0:28:18]} 34.Qe8 {[%clk 0:03:18]} 34...Ra8 {[%clk
0:27:53]} 35.Qxf7+ {[%clk 0:03:28]} 35...Kxf7 {[%clk 0:28:22]} 36.f3 {[%clk
0:02:38]} 36...a4 {[%clk 0:28:10]} 37.Ra1 {[%clk 0:02:17]} 37...Bc7 {[%clk
0:28:08]} 38.Kf2 {[%clk 0:02:31]} 38...b6 {[%clk 0:27:46]} 39.Bf1 {[%clk
0:02:42]} 39...Bd6 {[%clk 0:27:44]} 40.Re3 {[%clk 0:02:22]} 40...axb3 {[%clk
0:26:51]} 41.axb3 {[%clk 0:02:48]} 41...Rxa1 {[%clk 0:26:58]} 42.Bxa1 {[%clk
0:03:13]} 42...b5 {[%clk 0:26:46]} 43.Bd3 {[%clk 0:01:07]} 43...Bxd3 {[%clk
0:26:22]} 44.Rxd3 {[%clk 0:01:34]} 44...bxc4 {[%clk 0:26:38]} 45.bxc4 {[%clk
0:01:58]} 45...Ne5 {[%clk 0:26:23]} 46.Bxe5 {[%clk 0:02:02]} 46...Bxe5 {[%clk
0:26:49]} 47.Ra3 {[%clk 0:01:34]} 47...Ke7 {[%clk 0:26:30]} 48.Ra6 {[%clk
0:01:17]} 48...Bd6 {[%clk 0:26:39]} 49.Kg2 {[%clk 0:00:42]} 49...Nd7 {[%clk
0:24:46]} 50.g4 hxg4 51.fxg4 Ne5 52.Ra7+ Ke8 53.h5 Nxg4 54.hxg6 Kf8 55.Kf3 Ne5+ 
56.Ke4 Nxg6 57.Kf5 Ne5 58.Ke6 Nxc4 59.Ra4 Nb6 60.Ra6 Nc4 61.Ra4 Nb6 62.Rg4 Bh2 
63.d6 Bxd6 64.Kxd6 c4 65.Kc5 Nd7+ 66.Kd6 Nf6 67.Rxc4 Kf7 68.Rf4 Kg6 69.Ke6 Ne8 
70.Rg4+ Kh5 71.Rg8 Nc7+ 72.Kd6 Nb5+ 1/2-1/2

[Event "Najdorf Memorial B"]
[Site "Warsaw POL"]
[Date "2021.07.14"]
[Round "5.6"]
[White "Dropia, Rafal"]
[Black "Olszewski, Antoni"]
[Result "1-0"]
[WhiteElo "1634"]
[BlackElo "1410"]
[EventDate "2021.07.10"]
[PlyCount "59"]
[LiveChessVersion "1.4.8"]

1.d4 {[%clk 1:30:56]} 1...d5 {[%clk 1:30:54]} 2.Bf4 {[%clk 1:31:22]} 2...Nf6 
{[%clk 1:31:09]} 3.e3 {[%clk 1:31:37]} 3...e6 {[%clk 1:31:08]} 4.Nf3 {[%clk
1:31:49]} 4...c5 {[%clk 1:30:58]} 5.c3 {[%clk 1:32:04]} 5...Nbd7 {[%clk
1:30:43]} 6.Nbd2 {[%clk 1:31:30]} 6...Be7 {[%clk 1:29:46]} 7.Bd3 {[%clk
1:30:51]} 7...O-O {[%clk 1:28:37]} 8.Ne5 {[%clk 1:26:34]} 8...Nxe5 {[%clk
1:26:09]} 9.dxe5 {[%clk 1:27:02]} 9...Nd7 {[%clk 1:25:49]} 10.h4 {[%clk
1:20:16]} 10...f5 {[%clk 1:20:15]} 11.g4 {[%clk 1:15:56]} 11...Qe8 {[%clk
1:15:32]} 12.Nf3 Qf7 {[%clk 0:58:40]} 13.Rg1 {[%clk 1:03:16]} 13...Nb8 {[%clk
0:54:16]} 14.gxf5 {[%clk 1:01:51]} 14...exf5 {[%clk 0:53:58]} 15.Bh6 {[%clk
1:01:39]} 15...g6 {[%clk 0:51:22]} 16.Bxf8 {[%clk 1:02:05]} 16...Bxf8 {[%clk
0:51:40]} 17.Ng5 {[%clk 1:00:57]} 17...Qe8 {[%clk 0:50:16]} 18.f4 {[%clk
0:58:45]} 18...Nc6 {[%clk 0:48:52]} 19.h5 {[%clk 0:54:58]} 19...Bh6 {[%clk
0:47:53]} 20.hxg6 {[%clk 0:53:12]} 20...hxg6 {[%clk 0:47:23]} 21.Qf3 {[%clk
0:50:22]} 21...Bxg5 {[%clk 0:45:27]} 22.Rxg5 {[%clk 0:50:36]} 22...Be6 {[%clk
0:45:18]} 23.Kf2 {[%clk 0:48:39]} 23...Ne7 {[%clk 0:43:26]} 24.Rh1 {[%clk
0:47:33]} 24...Kg7 {[%clk 0:42:20]} 25.Qg2 {[%clk 0:46:19]} 25...Qf7 {[%clk
0:41:06]} 26.Rgh5 {[%clk 0:46:06]} 26...Kf8 {[%clk 0:40:15]} 27.Rh8+ {[%clk
0:43:42]} 27...Ng8 {[%clk 0:40:23]} 28.R1h7 {[%clk 0:43:50]} 28...Qe8 {[%clk
0:40:03]} 29.Qg5 {[%clk 0:43:08]} 29...Bf7 {[%clk 0:39:43]} 30.Rxg8+ {[%clk
0:39:30]} 1-0

[Event "Najdorf Memorial B"]
[Site "Warsaw POL"]
[Date "2021.07.14"]
[Round "5.7"]
[White "Kwiecinski, Rafal"]
[Black "Wieckowski, Michal"]
[Result "0-1"]
[WhiteElo "1538"]
[BlackElo "1614"]
[EventDate "2021.07.10"]
[PlyCount "84"]
[LiveChessVersion "1.4.8"]

1.e4 {[%clk 1:30:59]} 1...c5 {[%clk 1:30:59]} 2.Bc4 {[%clk 1:31:24]} 2...e6 
{[%clk 1:31:24]} 3.Qe2 {[%clk 1:31:50]} 3...Nc6 {[%clk 1:31:04]} 4.c3 {[%clk
1:32:12]} 4...Nge7 {[%clk 1:29:22]} 5.d3 {[%clk 1:32:03]} 5...d5 {[%clk
1:15:11]} 6.Bb3 {[%clk 1:32:29]} 6...dxe4 {[%clk 1:14:07]} 7.dxe4 {[%clk
1:32:17]} 7...Ng6 {[%clk 1:13:48]} 8.Nf3 {[%clk 1:27:52]} 8...Be7 {[%clk
1:13:43]} 9.O-O {[%clk 1:24:33]} 9...O-O {[%clk 1:14:11]} 10.Re1 {[%clk
1:22:47]} 10...Qc7 {[%clk 1:02:22]} 11.g3 {[%clk 1:14:16]} 11...b6 {[%clk
0:55:15]} 12.a4 {[%clk 1:07:53]} 12...Bb7 {[%clk 0:52:57]} 13.Na3 {[%clk
1:07:18]} 13...Na5 {[%clk 0:45:22]} 14.Bc2 {[%clk 1:05:23]} 14...Rfd8 {[%clk
0:45:11]} 15.h4 {[%clk 1:01:30]} 15...a6 {[%clk 0:35:15]} 16.h5 {[%clk 1:01:12]} 
16...Nf8 {[%clk 0:35:43]} 17.Bf4 {[%clk 0:51:21]} 17...Qc8 {[%clk 0:35:10]} 
18.Ne5 {[%clk 0:47:44]} 18...f6 {[%clk 0:32:30]} 19.Nec4 {[%clk 0:43:53]} 
19...Nxc4 {[%clk 0:32:39]} 20.Nxc4 {[%clk 0:44:16]} 20...Qc6 {[%clk 0:33:04]} 
21.a5 {[%clk 0:43:40]} 21...b5 {[%clk 0:31:44]} 22.Nb6 {[%clk 0:43:31]} 
22...Ra7 {[%clk 0:31:58]} 23.Rad1 {[%clk 0:41:54]} 23...Nd7 {[%clk 0:31:30]} 
24.Nd5 {[%clk 0:38:22]} 24...Bf8 {[%clk 0:28:03]} 25.Bb3 {[%clk 0:24:25]} 
25...c4 {[%clk 0:25:32]} 26.Nb4 {[%clk 0:21:06]} 26...Bxb4 {[%clk 0:17:10]} 
27.cxb4 {[%clk 0:21:30]} 27...e5 {[%clk 0:16:59]} 28.Bh6 {[%clk 0:17:03]} 
28...gxh6 {[%clk 0:11:31]} 29.Qg4+ {[%clk 0:16:52]} 29...Kh8 {[%clk 0:11:15]} 
30.Bc2 {[%clk 0:17:05]} 30...Bc8 {[%clk 0:10:27]} 31.Rd5 {[%clk 0:15:02]} 
31...Nf8 {[%clk 0:09:17]} 32.Qf3 {[%clk 0:14:14]} 32...Rxd5 {[%clk 0:08:11]} 
33.exd5 {[%clk 0:14:36]} 33...Qd6 {[%clk 0:08:39]} 34.Qe3 {[%clk 0:14:20]} 
34...Rf7 {[%clk 0:07:43]} 35.Qxh6 {[%clk 0:13:53]} 35...Bg4 {[%clk 0:05:59]} 
36.Be4 {[%clk 0:03:15]} 36...Qxb4 {[%clk 0:06:09]} 37.Re3 {[%clk 0:01:46]} 
37...Qxb2 {[%clk 0:05:50]} 38.d6 {[%clk 0:01:06]} 38...Qd4 {[%clk 0:05:50]} 
39.Bg6 {[%clk 0:01:07]} 39...Rg7 {[%clk 0:05:27]} 40.f3 {[%clk 0:01:08]} 
40...Qd1+ {[%clk 0:05:02]} 41.Kf2 {[%clk 0:01:31]} 41...Qd2+ {[%clk 0:05:19]} 
42.Kf1 {[%clk 0:01:48]} 42...Bh3+ {[%clk 0:05:42]} 0-1

[Event "Najdorf Memorial B"]
[Site "Warsaw POL"]
[Date "2021.07.14"]
[Round "5.9"]
[White "Warcaba, Jakub"]
[Black "Ptaszynski, Szymon"]
[Result "0-1"]
[WhiteElo "1735"]
[BlackElo "1516"]
[EventDate "2021.07.10"]
[PlyCount "142"]
[LiveChessVersion "1.4.8"]

1.e4 {[%clk 1:30:55]} 1...c5 {[%clk 1:30:54]} 2.Nf3 {[%clk 1:31:07]} 2...a6 
{[%clk 1:31:02]} 3.c3 {[%clk 1:30:09]} 3...e6 {[%clk 1:30:51]} 4.d4 {[%clk
1:29:40]} 4...d5 {[%clk 1:31:12]} 5.e5 {[%clk 1:28:02]} 5...Nc6 {[%clk 1:31:26]} 
6.Be2 {[%clk 1:26:08]} 6...Qb6 {[%clk 1:25:06]} 7.O-O {[%clk 1:25:32]} 7...Bd7 
{[%clk 1:24:18]} 8.dxc5 {[%clk 1:22:25]} 8...Bxc5 {[%clk 1:24:03]} 9.Nbd2 
{[%clk 1:22:43]} 9...Qc7 {[%clk 1:22:59]} 10.Nb3 {[%clk 1:21:10]} 10...Bb6 
{[%clk 1:20:59]} 11.Bf4 {[%clk 1:19:24]} 11...Nge7 {[%clk 1:20:09]} 12.Re1 
{[%clk 1:17:30]} 12...h6 {[%clk 1:15:32]} 13.h4 {[%clk 1:12:36]} 13...Ng6 
{[%clk 1:11:09]} 14.Bg3 {[%clk 1:12:44]} 14...Nge7 {[%clk 1:05:53]} 15.Bd3 
{[%clk 1:09:55]} 15...O-O-O {[%clk 1:04:17]} 16.Nbd4 {[%clk 1:05:10]} 16...Kb8 
{[%clk 1:02:32]} 17.a4 {[%clk 1:03:00]} 17...Nxd4 {[%clk 1:02:00]} 18.cxd4 
{[%clk 1:02:14]} 18...Ba5 {[%clk 1:01:03]} 19.Re2 {[%clk 1:00:47]} 19...Nc6 
{[%clk 0:59:11]} 20.Rc2 {[%clk 0:57:50]} 20...Qb6 {[%clk 0:57:56]} 21.Bf1 
{[%clk 0:57:59]} 21...Rc8 {[%clk 0:56:54]} 22.Rac1 {[%clk 0:52:46]} 22...Ne7 
{[%clk 0:54:11]} 23.b4 {[%clk 0:44:42]} 23...Bxb4 {[%clk 0:50:36]} 24.a5 {[%clk
0:44:17]} 24...Qxa5 {[%clk 0:28:27]} 25.Ra1 {[%clk 0:44:10]} 25...Qb6 {[%clk
0:25:29]} 26.Rb2 {[%clk 0:44:28]} 26...a5 {[%clk 0:25:30]} 27.Qd3 {[%clk
0:41:42]} 27...Rc3 {[%clk 0:20:41]} 28.Qb1 {[%clk 0:41:10]} 28...Nc6 {[%clk
0:19:54]} 29.Bf4 {[%clk 0:40:23]} 29...Qc7 {[%clk 0:13:07]} 30.Bd2 {[%clk
0:34:46]} 30...Ra3 {[%clk 0:10:00]} 31.Rc2 {[%clk 0:29:00]} 31...Rxa1 {[%clk
0:10:12]} 32.Qxa1 {[%clk 0:29:26]} 32...Qb6 {[%clk 0:10:37]} 33.Qd1 {[%clk
0:27:07]} 33...Qd8 {[%clk 0:07:32]} 34.Bb5 {[%clk 0:25:39]} 34...Bxd2 {[%clk
0:07:20]} 35.Rxd2 {[%clk 0:25:33]} 35...Nb4 {[%clk 0:05:05]} 36.Qa4 {[%clk
0:25:48]} 36...Bxb5 {[%clk 0:04:40]} 37.Qxb5 {[%clk 0:26:14]} 37...b6 {[%clk
0:04:58]} 38.Rd1 {[%clk 0:26:18]} 38...Kb7 {[%clk 0:03:33]} 39.Rc1 {[%clk
0:25:23]} 39...Qe8 {[%clk 0:03:31]} 40.Qe2 {[%clk 0:25:49]} 40...Qd7 {[%clk
0:03:53]} 41.Ne1 {[%clk 0:25:49]} 41...Rc8 {[%clk 0:03:59]} 42.Rb1 {[%clk
0:26:17]} 42...Rc4 {[%clk 0:03:39]} 43.Qg4 {[%clk 0:26:22]} 43...g6 {[%clk
0:03:44]} 44.h5 {[%clk 0:26:29]} 44...gxh5 {[%clk 0:02:52]} 45.Qxh5 {[%clk
0:26:52]} 45...a4 {[%clk 0:02:28]} 46.Qxh6 {[%clk 0:26:28]} 46...a3 {[%clk
0:02:16]} 47.Qd2 {[%clk 0:25:54]} 47...a2 {[%clk 0:02:26]} 48.Ra1 {[%clk
0:26:21]} 48...Qa4 {[%clk 0:02:25]} 49.Qb2 {[%clk 0:25:30]} 49...b5 {[%clk
0:01:25]} 50.f3 {[%clk 0:25:14]} 50...Qa7 {[%clk 0:01:37]} 51.Rd1 {[%clk
0:24:54]} 51...Qa4 {[%clk 0:01:17]} 52.Ra1 {[%clk 0:25:16]} 52...Qa5 {[%clk
0:00:55]} 53.Kf2 {[%clk 0:25:02]} 53...Qd8 {[%clk 0:01:19]} 54.g3 {[%clk
0:24:23]} 54...Qc7 {[%clk 0:01:38]} 55.Ke3 {[%clk 0:23:41]} 55...Qd8 {[%clk
0:01:54]} 56.f4 {[%clk 0:23:57]} 56...Qg8 {[%clk 0:02:08]} 57.Kf3 {[%clk
0:22:56]} 57...Qg6 {[%clk 0:02:26]} 58.Rxa2 {[%clk 0:22:11]} 58...Qe4+ {[%clk
0:02:01]} 59.Kg4 {[%clk 0:22:31]} 59...Qxe1 {[%clk 0:01:09]} 60.Ra5 {[%clk
0:22:40]} 60...Kb6 {[%clk 0:01:03]} 61.Qa3 {[%clk 0:22:54]} 61...Qc3 {[%clk
0:01:13]} 62.f5 {[%clk 0:22:16]} 62...Qxa3 {[%clk 0:00:54]} 63.Rxa3 {[%clk
0:22:41]} 63...Rxd4+ {[%clk 0:01:22]} 64.Kg5 {[%clk 0:23:05]} 64...exf5 {[%clk
0:01:23]} 65.Kxf5 {[%clk 0:23:28]} 65...Nc6 {[%clk 0:01:05]} 66.g4 {[%clk
0:23:26]} 66...Re4 {[%clk 0:00:51]} 67.g5 {[%clk 0:23:18]} 67...Rxe5+ {[%clk
0:00:59]} 68.Kf6 {[%clk 0:23:44]} 68...Re7 {[%clk 0:01:06]} 69.Rd3 {[%clk
0:24:01]} 69...Rd7 {[%clk 0:01:30]} 70.g6 {[%clk 0:23:59]} 70...fxg6 {[%clk
0:01:55]} 71.Ke6 {[%clk 0:24:25]} 71...Rd8 {[%clk 0:02:17]} 0-1